000 00786nam a2200181Ia 4500
008 090123s9999 xx 000 0 und d
082 _b27028
100 _aदेशपांडे धनंजय
245 _aराजसत्ता-धर्मसत्ता आणि श्री ज्ञानेश्वर
250 _a1
260 _bढवळे प्रकाशन
_c1997
300 _a168
600 _aदेशपांडे धनंजय
630 _aराजसत्ता-धर्मसत्ता आणि श्री ज्ञानेश्वर
700 _aदेशपांडे धनंजय
730 _aराजसत्ता-धर्मसत्ता आणि श्री ज्ञानेश्वर
942 _cBOOK
999 _c65191
_d65191